Busy People : (رقم التسجيلة. 77819)

تفاصيل مارك
000 -LEADER
fixed length control field 00436nam a22001697a 4500
005 - DATE AND TIME OF LATEST TRANSACTION
control field 20251108172400.0
008 - FIXED-LENGTH DATA ELEMENTS--GENERAL INFORMATION
fixed length control field 250721s1982 xx 000 0 eng d
082 14 - DEWEY DECIMAL CLASSIFICATION NUMBER
Classification number J/F/MAT
100 1# - MAIN ENTRY--PERSONAL NAME
Personal name Mathews, Leonard
245 10 - TITLE STATEMENT
Title Busy People :
Remainder of title A Book of Work and Play /
264 1# - PRODUCTION, PUBLICATION, DISTRIBUTION, MANUFACTURE, AND COPYRIGHT NOTICE
Place of production, publication, distribution, manufacture London :
Name of producer, publisher, distributor, manufacturer Hadder & Stoughton,
Date of production, publication, distribution, manufacture, or copyright notice 1982.
300 ## - PHYSICAL DESCRIPTION
Extent 44p : ill
650 17 - SUBJECT ADDED ENTRY--TOPICAL TERM
Topical term or geographic name as entry element Fiction
700 1# - ADDED ENTRY--PERSONAL NAME
Personal name Wool Eock, Peter
942 ## - ADDED ENTRY ELEMENTS (KOHA)
Source of classification or shelving scheme Dewey Decimal Classification
Koha item type كتب
المقتنيات
حالة السحب حالة الفقدان مصدر التصنيف حالة التلف غير قابل للإعارة المكتبة الرئيسية المكتبة الحالية موقع الرف تاريخ التزويد الرقم المتسلسل Total Checkouts رقم الإستدعاء تاريخ آخر ظهور تاريخ الفاتورة نوع المادة (كوها) الباركود
    Dewey Decimal Classification     مكتبة الحسن العامة مكتبة الحسن العامة الأطفال 22/04/2019 [89]..   J/F/MAT 28/07/2025 22/04/2019 كتب PLD00451657
    Dewey Decimal Classification Unchecked   مكتبة حمزة العامة مكتبة حمزة العامة الأطفال 06/07/2004 93   J/F/MAT 28/07/2025 06/07/2004 كتب  
Implemented & Customized by: BBB with SCIT (Smart Chains for Information Technology)

Powered by Koha